000 01483nam a22003617a 4500
005 20240530110434.0
008 150406s2010 xxuab g b 000 0 eng d
017 _a2009/6/2980
_b المملكة الاردنية الهاشمية . المكتبة الوطنية
040 _aEG-CaGPL
082 0 4 _221
_a953\
_bم د
100 0 _aمحمد حسين محاسنة
245 1 0 _aدراسات فى التاريخ الاسلامى /
_cتاليف محمد حسين محاسنة
260 _aالاردن :
_bدار الامل للنشر و التوزيع ،
_c2010.
300 _a160 ص :
_bخرائط ؛
_c24 سم.
504 _aيشتمل على ارجاعات ببليوجرافية
600 0 _aابو بكر الصديق
600 0 _aعمر بن الخطاب
600 0 _aعثمان بن عفان
600 0 _aعلى بن ابى طالب
650 0 4 _aالتاريخ الاسلامى
650 0 4 _aالحضارة الاسلامية
650 0 4 _aالخلافة
650 0 4 _aالفتوحات الاسلامية
650 0 4 _aدولة المماليك
650 0 4 _aالمغول والتتار
650 0 4 _aالتاريخ الاسلامى
_x الدولةالعباسية
651 0 4 _aمصر
_xتاريخ
_yعصر المماليك ( 1250-1517 م )
651 0 4 _aالدولة العباسية
651 0 4 _aالدولة الاموية
651 0 4 _aالدولة العثمانية
942 _2ddc
_cBK
999 _c60908
_d60908